000 01232nam a2200337 a 4500
001 000114534
003 CHAP
005 20220329144445.0
008 180301s2017 mx sm |||||||spa d
010 _a110995
011 _a111967
040 _cCHAP
090 _aTesis
100 1 _aLaredo Añorve, Ayrton
_9134645
245 1 0 _aEstudio hidrologico de el caracol, municipio de Zinapécuaro, Michoacán, con fines de explotación de agua subterránea.
_h[En línea]
_cpor Ayrton Laredo Añorve y Ilse Aide Trejo Arista.
260 _aChapingo, Méx. :
_bEl autor,
_c2017.
500 _aPara ver el contenido del material haga clic en la liga
502 _aTesis (Ing. en Irrigación) -- UACH. Departamento de Irrigación
590 _aE6339RRR
_b05
_c20180301
_lUCH01
_h1129
590 _aE6339RRR
_b05
_c20180301
_lUCH01
_h1129
590 _aE6339RRR
_b05
_c20180301
_lUCH01
_h1131
650 1 4 _aAgua subterránea
_92456
650 1 4 _aAgua
_xAprovechamiento.
_92282
650 1 4 _aAgua
_xCalidad.
_92316
650 1 4 _aSuelos
_xAnálisis.
_9110204
700 1 _aTrejo Arista, Ilse Aide
_9134646
856 _aFinding aid
_uhttp://10.13.5.2/tesis/sist114534.pdf
_zTeclea aquí
901 _aBK
942 _cLIBRO
942 _n0
999 _c110995
_d110995